000 00361 a2200157 4500
001 61021
020 _a3931377962
040 _cAnchieta - Pituba
100 _aSchlegel, Dorothea
240 1 0 _aDie anderen mendelssohns
_lpor
245 1 0 _aDie anderen mendelssohns
300 _a57
362 0 _a2004
650 4 _aLiteratura juvenil em alemão
942 _cBK
999 _c61021
_d61021